[Event "Druzynowe Mistrzostwa Polski - II Liga S"]
[Site "Ustron/Slaski Zwiazek Szachowy"]
[Date "2008.09.08"]
[Round "3.57"]
[White "Siekaniec, Jan"]
[Black "Zolnierowicz, Krzysztof"]
[Result "1/2-1/2"]
[WhiteElo "2184"]
[BlackElo "2272"]
[PlyCount "42"]
[EventDate "2008.??.??"]

1. e4 c5 2. Nf3 d6 3. d4 Nf6 4. Nc3 cxd4 5. Nxd4 a6 6. Be2 e5 7. Nf3 h6 8. O-O
Be7 9. Re1 O-O 10. h3 Be6 11. a4 Nc6 12. Bf1 Rc8 13. Nd5 Bxd5 14. exd5 Nb4 15.
c4 a5 16. Bd2 Nd7 17. Bc3 Nc5 18. Nd2 Qb6 19. Ne4 f5 20. Nxc5 Qxc5 21. Ra3 Bd8
1/2-1/2

[Event "Druzynowe Mistrzostwa Polski - II Liga S"]
[Site "Ustron/Slaski Zwiazek Szachowy"]
[Date "2008.09.08"]
[Round "3.58"]
[White "Gawronski, Miroslaw"]
[Black "Szczesniak, Konrad"]
[Result "1/2-1/2"]
[WhiteElo "2279"]
[BlackElo "2248"]
[PlyCount "123"]
[EventDate "2008.??.??"]

1. d4 Nf6 2. c4 g6 3. Nc3 Bg7 4. e4 d6 5. g3 O-O 6. Bg2 h6 7. Nge2 e5 8. d5
Nbd7 9. f3 Nh7 10. Be3 f5 11. Qd2 h5 12. O-O-O Ndf6 13. h3 fxe4 14. fxe4 Bd7
15. Rdf1 a6 16. Bf3 Qc8 17. Bg2 b6 18. Kb1 Qb7 19. Nc1 Rf7 20. Bf3 Raf8 21. Qd1
Qc8 22. Bg2 Qd8 23. Nd3 Ne8 24. b4 Rxf1 25. Bxf1 Ng5 26. Bg2 c5 27. dxc6 Bxc6
28. Qb3 Kh7 29. b5 axb5 30. cxb5 Bd7 31. Nd5 Nf3 32. Bxf3 Rxf3 33. Bxb6 Qg5 34.
Rd1 Qxg3 35. Bd8 Qxh3 36. b6 Bc6 37. Bg5 Qg4 38. Ne7 Rf7 39. Nxc6 Rb7 40. Be3
Qxe4 41. Na5 Rb8 42. Bg1 d5 43. Re1 Qg2 44. Nc6 Rb7 45. Qc2 Qg3 46. Bf2 Qg5 47.
Ndxe5 Nf6 48. Qxg6+ Qxg6+ 49. Nxg6 Kxg6 50. Na5 Rb8 51. b7 Rh8 52. Nc6 Ne4 53.
Rg1+ Kf7 54. Bg3 Nxg3 55. Rxg3 h4 56. Rh3 Kg6 57. a4 Kg5 58. a5 Kg4 59. Rh1 Bh6
60. a6 Be3 61. Ne7 Ba7 62. Nxd5 1/2-1/2

[Event "Druzynowe Mistrzostwa Polski - II Liga S"]
[Site "Ustron/Slaski Zwiazek Szachowy"]
[Date "2008.09.08"]
[Round "3.59"]
[White "Grajdek, Jaroslaw"]
[Black "Paszek, Krzysztof"]
[Result "0-1"]
[WhiteElo "2092"]
[BlackElo "2126"]
[PlyCount "50"]
[EventDate "2008.??.??"]

1. Nf3 Nf6 2. c4 g6 3. Nc3 Bg7 4. g3 O-O 5. Bg2 d6 6. O-O e5 7. d4 Nbd7 8. e4
exd4 9. Nxd4 Re8 10. h3 Nc5 11. Re1 a5 12. Rb1 c6 13. Kh2 Qb6 14. Be3 Nfd7 15.
f4 a4 16. b4 axb3 17. axb3 Qb4 18. Qc2 Nf6 19. Bd2 Qb6 20. Nde2 Ncxe4 21. Nxe4
Nxe4 22. Bxe4 Qf2+ 23. Kh1 d5 24. Rf1 Qxe2 25. Bd3 Qh5 0-1

[Event "Druzynowe Mistrzostwa Polski - II Liga S"]
[Site "Ustron/Slaski Zwiazek Szachowy"]
[Date "2008.09.08"]
[Round "3.60"]
[White "Flazinska, Anna"]
[Black "Buksa, Ewelina"]
[Result "1-0"]
[WhiteElo "1829"]
[BlackElo "1555"]
[PlyCount "35"]
[EventDate "2008.??.??"]

1. e4 e5 2. Nf3 Nc6 3. Bc4 Be7 4. d4 d6 5. h3 Nf6 6. Nc3 O-O 7. O-O h6 8. Be3
Be6 9. d5 Bd7 10. dxc6 Bxc6 11. Nd2 Re8 12. Qf3 Bf8 13. Qg3 Kh8 14. Bxf7 Re7
15. Qg6 Be8 16. Bxe8 Rxe8 17. f4 c6 18. fxe5 1-0

[Event "Druzynowe Mistrzostwa Polski - II Liga S"]
[Site "Ustron/Slaski Zwiazek Szachowy"]
[Date "2008.09.08"]
[Round "3.61"]
[White "Wawrowski, Zbigniew"]
[Black "Walach, Marcin"]
[Result "0-1"]
[WhiteElo "2201"]
[BlackElo "2410"]
[PlyCount "62"]
[EventDate "2008.??.??"]

1. e4 d5 2. exd5 Nf6 3. d4 Bg4 4. Be2 Bxe2 5. Qxe2 Qxd5 6. Nf3 e6 7. O-O Nc6 8.
Nc3 Qf5 9. Be3 O-O-O 10. Rfd1 Bd6 11. h3 h6 12. Nb5 g5 13. Nxd6+ cxd6 14. Qd3
Qxd3 15. Rxd3 Rhg8 16. Nh2 Rg6 17. c4 d5 18. b3 Ne4 19. a3 dxc4 20. bxc4 Ne5
21. Rb3 Nxc4 22. Rc1 Ned6 23. Nf3 Kb8 24. Ne5 Nxe5 25. dxe5 Nf5 26. Rcb1 Rd7
27. Bc5 g4 28. h4 h5 29. a4 Rg8 30. a5 Rc8 31. Ba3 Nxh4 0-1

[Event "Druzynowe Mistrzostwa Polski - II Liga S"]
[Site "Ustron/Slaski Zwiazek Szachowy"]
[Date "2008.09.08"]
[Round "3.62"]
[White "Kornasiewicz, Stanislaw"]
[Black "Kacprzak, Robert"]
[Result "1-0"]
[WhiteElo "2235"]
[BlackElo "1888"]
[PlyCount "65"]
[EventDate "2008.??.??"]

1. e4 c6 2. d3 d5 3. Nd2 g6 4. Ngf3 Bg7 5. Be2 Nf6 6. O-O dxe4 7. dxe4 O-O 8.
Bc4 Qc7 9. a4 Nbd7 10. h3 Nc5 11. Re1 Be6 12. Qe2 a5 13. Nd4 Bxc4 14. Qxc4 Nfd7
15. N2f3 e5 16. Nb3 Nxb3 17. Qxb3 Nc5 18. Qc4 Ne6 19. c3 Rad8 20. Be3 Rd7 21.
Qb3 c5 22. Nd2 Rfd8 23. Nc4 Nf4 24. Qb6 Qxb6 25. Nxb6 Rc7 26. Red1 Rxd1+ 27.
Rxd1 Ne6 28. Nd5 Rd7 29. Nf6+ Bxf6 30. Rxd7 b6 31. Rb7 Bd8 32. b4 axb4 33. cxb4
1-0

[Event "Druzynowe Mistrzostwa Polski - II Liga S"]
[Site "Ustron/Slaski Zwiazek Szachowy"]
[Date "2008.09.08"]
[Round "3.63"]
[White "Rychlik, Piotr"]
[Black "Michalczyk, Stanislaw"]
[Result "1/2-1/2"]
[WhiteElo "2074"]
[BlackElo "2094"]
[PlyCount "48"]
[EventDate "2008.??.??"]

1. Nf3 Nf6 2. g3 g6 3. d4 Bg7 4. Bg2 O-O 5. c4 d6 6. O-O Nc6 7. Nc3 a6 8. d5
Na5 9. Nd2 c5 10. Qc2 Rb8 11. Rb1 b5 12. cxb5 axb5 13. b4 cxb4 14. Rxb4 Bd7 15.
Qd3 Qb6 16. a4 Qc5 17. Ba3 Rfc8 18. Nxb5 Bxb5 19. Rxb5 Qa7 20. Rxb8 Rxb8 21.
Rb1 Ra8 22. e3 Nd7 23. Ne4 Ne5 24. Qe2 Nac4 1/2-1/2

[Event "Druzynowe Mistrzostwa Polski - II Liga S"]
[Site "Ustron/Slaski Zwiazek Szachowy"]
[Date "2008.09.08"]
[Round "3.64"]
[White "Zawierucha, Aleksander"]
[Black "Szmyd, Marek"]
[Result "1-0"]
[WhiteElo "2095"]
[BlackElo "2199"]
[PlyCount "35"]
[EventDate "2008.??.??"]

1. d4 Nf6 2. c4 d5 3. cxd5 Nxd5 4. e4 Nf6 5. Nc3 e6 6. Nf3 Be7 7. h3 O-O 8. Be3
Nbd7 9. Qb3 c6 10. Bd3 Nc5 11. dxc5 Qxd3 12. Nd5 Qxb3 13. Nxe7+ Kh8 14. axb3
Bd7 15. Nd2 Rfd8 16. Bf4 Be8 17. Bd6 Rd7 18. f3 1-0

[Event "Druzynowe Mistrzostwa Polski - II Liga S"]
[Site "Ustron/Slaski Zwiazek Szachowy"]
[Date "2008.09.08"]
[Round "3.65"]
[White "Kowalczuk, Wojciech"]
[Black "Waruga, Wojciech"]
[Result "1-0"]
[WhiteElo "2201"]
[BlackElo "2017"]
[PlyCount "115"]
[EventDate "2008.??.??"]

1. b3 e5 2. Bb2 d6 3. e3 f5 4. f4 e4 5. Nc3 Nf6 6. Nge2 Nc6 7. Ng3 Be6 8. Bb5
a6 9. Bxc6+ bxc6 10. O-O c5 11. Qe2 d5 12. d3 Bd6 13. Rad1 O-O 14. Nh5 Nxh5 15.
Qxh5 d4 16. Ne2 dxe3 17. dxe4 fxe4 18. c4 g6 19. Qh6 Qe7 20. h3 a5 21. Bc1 a4
22. Bxe3 axb3 23. axb3 Ra3 24. Nc1 Bxc4 25. bxc4 Rxe3 26. f5 Rg3 27. Ne2 Qg5
28. Qxg5 Rxg5 29. fxg6 hxg6 30. Rxf8+ Kxf8 31. Nc3 Re5 32. Kf2 e3+ 33. Ke2 Kf7
34. Rf1+ Ke6 35. Rf3 c6 36. Nd1 Re4 37. Rxe3 Kf5 38. Nb2 Bf4 39. g4+ Ke5 40.
Nd3+ Kd4 41. Rxe4+ Kxe4 42. Nxc5+ Kd4 43. Ne6+ Ke4 44. Nxf4 Kxf4 45. Kf2 c5 46.
Kg2 g5 47. Kf2 Ke4 48. Kg3 Kd4 49. h4 gxh4+ 50. Kxh4 Kxc4 51. g5 Kd3 52. g6 c4
53. g7 c3 54. g8=Q Kd2 55. Qd5+ Kc1 56. Qg5+ Kb1 57. Qg1+ Kb2 58. Qd4 1-0

[Event "Druzynowe Mistrzostwa Polski - II Liga S"]
[Site "Ustron/Slaski Zwiazek Szachowy"]
[Date "2008.09.08"]
[Round "3.66"]
[White "Gonsior, Monika"]
[Black "Kmiecik, Emilia"]
[Result "1-0"]
[WhiteElo "2131"]
[BlackElo "1860"]
[PlyCount "93"]
[EventDate "2008.??.??"]

1. e4 c5 2. Nf3 Nc6 3. d4 cxd4 4. Nxd4 a6 5. c4 g6 6. Nxc6 dxc6 7. Bd3 Bg7 8.
O-O e5 9. Nc3 Ne7 10. Be3 O-O 11. Qb3 b5 12. Rfd1 Qc7 13. Rac1 Be6 14. Nd5 Qb7
15. Nb6 Rab8 16. Qa3 Nc8 17. c5 Re8 18. b4 Ne7 19. Bc2 Nc8 20. Bb3 Nxb6 21.
Bxe6 Rxe6 22. cxb6 Bf8 23. Bc5 Ree8 24. Qd3 Qa8 25. Qd7 a5 26. Bxf8 Rxf8 27.
Qxc6 Qa6 28. bxa5 Qxa5 29. b7 Qa7 30. Rd7 Qxa2 31. Qxb5 Qa3 32. Rcd1 Qc3 33. h3
h5 34. Qb6 Kg7 35. Kh2 Qc2 36. Rd8 Rfxd8 37. Rxd8 Rxd8 38. Qxd8 Qxe4 39. Qb6 h4
40. Qb2 Qf4+ 41. g3 hxg3+ 42. fxg3 Qe3 43. b8=Q f6 44. Q2b7+ Kh6 45. Qh8+ Kg5
46. Qh4+ Kf5 47. Qg4# 1-0

[Event "Druzynowe Mistrzostwa Polski - II Liga S"]
[Site "Ustron/Slaski Zwiazek Szachowy"]
[Date "2008.09.08"]
[Round "3.67"]
[White "Krogulski, Grzegorz"]
[Black "Nguyen, Piotr"]
[Result "1-0"]
[WhiteElo "2316"]
[BlackElo "2329"]
[PlyCount "45"]
[EventDate "2008.??.??"]

1. e4 c6 2. d4 d5 3. exd5 cxd5 4. c4 Nf6 5. cxd5 Nxd5 6. Nc3 g6 7. Bc4 Nb6 8.
Bb3 Bg7 9. Nf3 O-O 10. O-O Nc6 11. Re1 Bg4 12. Bg5 Bxd4 13. Nxd4 Bxd1 14. Nxc6
bxc6 15. Raxd1 Qc8 16. Rxe7 c5 17. Ne4 c4 18. Bc2 Qa6 19. Nf6+ Kh8 20. Ng4 h5
21. Bf6+ Kh7 22. Re5 Kg8 23. Rxh5 1-0

[Event "Druzynowe Mistrzostwa Polski - II Liga S"]
[Site "Ustron/Slaski Zwiazek Szachowy"]
[Date "2008.09.08"]
[Round "3.69"]
[White "Draganik, Grzegorz"]
[Black "Szymczak, Rafal"]
[Result "1/2-1/2"]
[WhiteElo "1870"]
[BlackElo "2118"]
[PlyCount "38"]
[EventDate "2008.??.??"]

1. c4 Nf6 2. g3 e6 3. Bg2 d5 4. Nf3 Be7 5. O-O O-O 6. b3 b6 7. Bb2 Bb7 8. cxd5
Bxd5 9. Nc3 Bb7 10. d4 c5 11. dxc5 Bxc5 12. Nb5 Qe7 13. e3 Nc6 14. Qe2 a6 15.
Nbd4 Nxd4 16. Nxd4 Bxg2 17. Kxg2 Qb7+ 18. Qf3 Qxf3+ 19. Nxf3 Nd5 1/2-1/2

[Event "Druzynowe Mistrzostwa Polski - II Liga S"]
[Site "Ustron/Slaski Zwiazek Szachowy"]
[Date "2008.09.08"]
[Round "3.70"]
[White "Spicak, Krzysztof"]
[Black "Czarnecki, Wojciech"]
[Result "0-1"]
[WhiteElo "2011"]
[BlackElo "2056"]
[PlyCount "118"]
[EventDate "2008.??.??"]

1. e4 c6 2. d4 d5 3. e5 Bf5 4. g4 Bd7 5. Bd3 e6 6. Nf3 c5 7. c3 Nc6 8. a3 Qc7
9. O-O Nge7 10. Qe2 c4 11. Bc2 g6 12. Bg5 Bg7 13. Nbd2 h6 14. Bh4 O-O-O 15. b3
g5 16. Bg3 Qa5 17. bxc4 Qxc3 18. Qd3 Qxd3 19. Bxd3 Na5 20. Rfc1 Bc6 21. c5 Rd7
22. Rab1 Rhd8 23. Rc3 Bf8 24. h4 gxh4 25. Bxh4 Re8 26. Nh2 Ng6 27. Bg3 Be7 28.
f4 Rg8 29. Ndf3 f5 30. exf6 Bxf6 31. f5 Nf8 32. Re1 h5 33. fxe6 Rdg7 34. Bf4
Kd8 35. Bd6 Nc4 36. Ne5 Nxe5 37. dxe5 Bh4 38. Rb1 hxg4 39. Rcb3 Nh7 40. Bxh7
Rxh7 41. e7+ Bxe7 42. Rxb7 Bxb7 43. Rxb7 Rgg7 44. Rxa7 Bxd6 45. Ra8+ Kd7 46.
exd6 Kc6 47. Rc8+ Kb7 48. Re8 g3 49. Nf3 g2 50. Kf2 d4 51. Re1 d3 52. Rb1+ Kc6
53. Ne5+ Kxc5 54. d7 Rxd7 55. Nxd7+ Rxd7 56. Kxg2 d2 57. Rd1 Kc4 58. Kf3 Kc3
59. Ke2 Re7+ 0-1

[Event "Druzynowe Mistrzostwa Polski - II Liga S"]
[Site "Ustron/Slaski Zwiazek Szachowy"]
[Date "2008.09.08"]
[Round "3.71"]
[White "Markiewicz, Mateusz"]
[Black "Borysiak, Boguslaw"]
[Result "0-1"]
[WhiteElo "2013"]
[BlackElo "2162"]
[PlyCount "65"]
[EventDate "2008.??.??"]

1. e4 b6 2. f4 Bb7 3. d3 e6 4. Nf3 d5 5. e5 d4 6. g3 Nc6 7. Bg2 Qd7 8. a4 O-O-O
9. O-O Kb8 10. Nbd2 Nge7 11. Nc4 Nd5 12. Bd2 a5 13. Rf2 Bc5 14. Ng5 Ne3 15. Qc1
Nxc4 16. dxc4 d3 17. c3 Bxf2+ 18. Kxf2 f6 19. Nf3 fxe5 20. fxe5 Rhf8 21. Kg1
Rxf3 22. Bxf3 Nxe5 23. Bxb7 Kxb7 24. Qf1 Qc6 25. Qf4 Nf3+ 26. Kf2 Nxd2 27. Qxd2
e5 28. Re1 e4 29. b3 Rf8+ 30. Kg1 Qc5+ 31. Kg2 Qf5 32. Qe3 Rd8 33. Rf1 0-1

[Event "Druzynowe Mistrzostwa Polski - II Liga S"]
[Site "Ustron/Slaski Zwiazek Szachowy"]
[Date "2008.09.08"]
[Round "3.72"]
[White "Leszner, Liliana"]
[Black "Jalowiec, Halina"]
[Result "1-0"]
[WhiteElo "2140"]
[BlackElo "2073"]
[PlyCount "57"]
[EventDate "2008.??.??"]

1. e4 e6 2. d3 c5 3. g3 Nc6 4. Bg2 g6 5. Nc3 Bg7 6. Be3 Nd4 7. Qd2 Ne7 8. Nd1
d6 9. c3 Ndc6 10. Bh6 Bf6 11. Nf3 Ne5 12. O-O N7c6 13. Ne3 Nxf3+ 14. Bxf3 Bg5
15. Bxg5 Qxg5 16. Bg2 e5 17. f4 exf4 18. Nd5 O-O 19. Rxf4 f5 20. exf5 Rxf5 21.
Raf1 Kg7 22. Nc7 Bd7 23. Nxa8 Qd8 24. g4 Rxf4 25. Qxf4 Ne5 26. d4 g5 27. Qf2
Ng6 28. Qf7+ Kh6 29. Bxb7 1-0

[Event "Druzynowe Mistrzostwa Polski - II Liga S"]
[Site "Ustron/Slaski Zwiazek Szachowy"]
[Date "2008.09.08"]
[Round "3.73"]
[White "Fudalej, Michal"]
[Black "Latas, Boguslaw"]
[Result "1/2-1/2"]
[WhiteElo "2309"]
[BlackElo "2299"]
[PlyCount "63"]
[EventDate "2008.??.??"]

1. Nf3 Nf6 2. g3 b5 3. a4 b4 4. Bg2 Bb7 5. c3 a5 6. cxb4 axb4 7. O-O e6 8. b3
Be7 9. Bb2 O-O 10. d3 c5 11. Nbd2 d5 12. d4 Nbd7 13. Rc1 Qb6 14. dxc5 Bxc5 15.
e3 Bd6 16. Qc2 Rfc8 17. Qb1 Bc5 18. Rfe1 Qd6 19. Qa1 Bb6 20. Ne5 Nc5 21. Red1
Qe7 22. Bd4 Ne8 23. Bf1 f6 24. Nd3 Nxd3 25. Bxd3 Bd8 26. Qb1 g6 27. Bb2 e5 28.
Bf1 Bb6 29. Bh3 Rd8 30. Bg2 Ng7 31. Nf3 Ne6 32. Ba1 1/2-1/2

[Event "Druzynowe Mistrzostwa Polski - II Liga S"]
[Site "Ustron/Slaski Zwiazek Szachowy"]
[Date "2008.09.08"]
[Round "3.74"]
[White "Kuziola, Mateusz"]
[Black "Urbanski, Grzegorz"]
[Result "1/2-1/2"]
[WhiteElo "2309"]
[BlackElo "2158"]
[PlyCount "82"]
[EventDate "2008.??.??"]

1. e4 c6 2. Nc3 d5 3. Nf3 Bg4 4. h3 Bxf3 5. Qxf3 e6 6. g4 Nf6 7. Bg2 Nbd7 8. d4
Bb4 9. e5 Ne4 10. O-O Nxc3 11. bxc3 Be7 12. Qd3 h5 13. f4 hxg4 14. hxg4 Qa5 15.
f5 O-O-O 16. fxe6 fxe6 17. Rf7 Bh4 18. Bd2 Rdf8 19. Qg6 Rxf7 20. Qxf7 Rf8 21.
Qxe6 Bf2+ 22. Kh2 Bxd4 23. g5 Bxe5+ 24. Kh1 Qa4 25. Re1 Bc7 26. Bh3 Rd8 27. Qg4
Qxg4 28. Bxg4 Rh8+ 29. Kg1 Kd8 30. g6 Nf6 31. Bg5 Bd6 32. Bxf6+ gxf6 33. Be6
Rh5 34. Bf7 Rg5+ 35. Kf1 Be5 36. Re3 Ke7 37. Rh3 f5 38. Rh7 Kf8 39. c4 dxc4 40.
Bxc4 Rxg6 41. Rf7+ Ke8 1/2-1/2

[Event "Druzynowe Mistrzostwa Polski - II Liga S"]
[Site "Ustron/Slaski Zwiazek Szachowy"]
[Date "2008.09.08"]
[Round "3.75"]
[White "Trendota, Dawid"]
[Black "Kolago, Marcin"]
[Result "0-1"]
[WhiteElo "1981"]
[BlackElo "2340"]
[PlyCount "52"]
[EventDate "2008.??.??"]

1. e4 d5 2. Nc3 dxe4 3. Nxe4 Bf5 4. Ng3 Bg6 5. Nf3 e6 6. d4 Bd6 7. Bd3 Nf6 8.
Bg5 Nbd7 9. Ne4 Be7 10. Nxf6+ Nxf6 11. Bxg6 hxg6 12. Bxf6 gxf6 13. Qd3 Qd5 14.
c4 Qa5+ 15. Kf1 O-O-O 16. a3 g5 17. Rb1 Kb8 18. b4 Qa6 19. Kg1 g4 20. Nd2 f5
21. Nb3 Qxa3 22. g3 Bf6 23. Qe3 Qxb4 24. Kg2 Qxc4 25. Rhd1 Qd5+ 26. Kg1 Rxh2
0-1

[Event "Druzynowe Mistrzostwa Polski - II Liga S"]
[Site "Ustron/Slaski Zwiazek Szachowy"]
[Date "2008.09.08"]
[Round "3.76"]
[White "Seifert, Henryk"]
[Black "Rzepka, Krzysztof"]
[Result "1-0"]
[WhiteElo "2235"]
[BlackElo "2208"]
[PlyCount "79"]
[EventDate "2008.??.??"]

1. e4 c5 2. Nf3 d6 3. c3 e5 4. d4 Qc7 5. Nbd2 a6 6. dxe5 dxe5 7. Bc4 Nc6 8. O-O
Be7 9. Re1 Nf6 10. Bd5 Bg4 11. h3 Bh5 12. Bxc6+ bxc6 13. Nc4 Nd7 14. Ne3 f6 15.
Nf5 Bf8 16. Re3 c4 17. b3 Bf7 18. bxc4 g6 19. Ng3 Bc5 20. Re1 Bxc4 21. Be3 Be7
22. Nd2 Be6 23. c4 Kf7 24. Qc2 h5 25. Ne2 f5 26. f4 Bc5 27. Bxc5 Nxc5 28. fxe5
Qxe5 29. Nf3 Qf6 30. e5 Qe7 31. Ned4 Rac8 32. h4 Rhd8 33. Rad1 Ne4 34. Rxe4
fxe4 35. Ng5+ Kg8 36. Ndxe6 Rxd1+ 37. Qxd1 Rb8 38. Qd6 Qa7+ 39. c5 e3 40. Nc7
1-0

[Event "Druzynowe Mistrzostwa Polski - II Liga S"]
[Site "Ustron/Slaski Zwiazek Szachowy"]
[Date "2008.09.08"]
[Round "3.77"]
[White "Szczyrba, Daniel"]
[Black "Milanowski, Jan"]
[Result "0-1"]
[WhiteElo "2191"]
[BlackElo "2080"]
[PlyCount "82"]
[EventDate "2008.??.??"]

1. e4 d6 2. d4 Nf6 3. Nc3 c6 4. f3 Qc7 5. Be3 e5 6. Qd2 Be7 7. g4 a6 8. Nge2 b5
9. Ng3 g6 10. O-O-O Qa5 11. Kb1 Bb7 12. h4 b4 13. Nce2 c5 14. dxc5 dxc5 15. Nc1
Nc6 16. Bc4 Rd8 17. Qf2 Rxd1 18. Rxd1 Nd4 19. h5 Qb6 20. Rh1 a5 21. Qf1 a4 22.
Rh2 Nd7 23. g5 Ne6 24. Qh3 Ndf8 25. hxg6 fxg6 26. Qh6 Nd7 27. Nd3 Ba6 28. Bxa6
Qxa6 29. Nf2 c4 30. Ng4 c3 31. Bc1 b3 32. Nf5 bxa2+ 33. Ka1 Bf8 34. Qh4 gxf5
35. exf5 cxb2+ 36. Bxb2 Qf1+ 37. Kxa2 Qc4+ 38. Kb1 Nd4 39. f6 a3 40. Bc1 a2+
41. Ka1 Nxc2+ 0-1

[Event "Druzynowe Mistrzostwa Polski - II Liga S"]
[Site "Ustron/Slaski Zwiazek Szachowy"]
[Date "2008.09.08"]
[Round "3.78"]
[White "Wesolowska, Hanna"]
[Black "Halamus, Agata"]
[Result "1-0"]
[WhiteElo "2054"]
[BlackElo "1935"]
[PlyCount "77"]
[EventDate "2008.??.??"]

1. d4 d5 2. Nf3 Nf6 3. Bg5 Bf5 4. e3 h6 5. Bh4 e6 6. Bd3 Bxd3 7. Qxd3 Nbd7 8.
Nbd2 Be7 9. O-O O-O 10. h3 c5 11. c3 Qc7 12. Rfd1 Rfe8 13. Bxf6 Bxf6 14. Rac1
Qb6 15. Qc2 Rac8 16. dxc5 Nxc5 17. Nb3 Rc7 18. Nxc5 Qxc5 19. e4 Rd8 20. e5 Be7
21. Qe2 b5 22. Rd4 Qb6 23. Qd2 Rc4 24. b3 Rc6 25. Rg4 Kf8 26. Nd4 Rc7 27. Qd3
b4 28. Qh7 Ke8 29. Rxg7 Bf8 30. Rg8 Rxc3 31. Rd1 Qc5 32. Qxh6 Kd7 33. Qh7 Qe7
34. Nb5 Rc6 35. Rd4 Qc5 36. Qxf7+ Be7 37. Rxd8+ Kxd8 38. Rg4 Rc8 39. Nd6 1-0

[Event "Druzynowe Mistrzostwa Polski - II Liga S"]
[Site "Ustron/Slaski Zwiazek Szachowy"]
[Date "2008.09.08"]
[Round "3.79"]
[White "Lusio, Stanislaw"]
[Black "Kujawski, Ryszard"]
[Result "1/2-1/2"]
[WhiteElo "1964"]
[BlackElo "2147"]
[PlyCount "84"]
[EventDate "2008.??.??"]

1. d4 Nf6 2. c4 g6 3. Nc3 Bg7 4. e4 d6 5. Nf3 O-O 6. Be2 e5 7. dxe5 dxe5 8. O-O
Nbd7 9. Bg5 h6 10. Be3 b6 11. Qc2 Bb7 12. Rad1 Qe7 13. Nd5 Nxd5 14. cxd5 Rfc8
15. Bb5 Nf6 16. h3 Qb4 17. Bd3 c6 18. a3 Qe7 19. dxc6 Bxc6 20. Qb1 Re8 21. Rfe1
Qb7 22. Nd2 Rad8 23. Bc2 Bf8 24. f3 Qa6 25. Nf1 Rc8 26. Rd2 b5 27. Qa2 b4 28.
Bb3 Qb7 29. a4 a5 30. Red1 Kg7 31. Bc4 Bxa4 32. Bxf7 Bxd1 33. Bxe8 Rxe8 34.
Rxd1 Qb5 35. b3 Ra8 36. Rc1 Bd6 37. Qd2 Ne8 38. Bxh6+ Kh7 39. Bg5 a4 40. bxa4
Rxa4 41. Qf2 Kg8 42. Kh2 b3 1/2-1/2

[Event "Druzynowe Mistrzostwa Polski - II Liga S"]
[Site "Ustron/Slaski Zwiazek Szachowy"]
[Date "2008.09.08"]
[Round "3.80"]
[White "Bardeli, Lukasz"]
[Black "Lach, Ireneusz"]
[Result "1-0"]
[WhiteElo "2317"]
[BlackElo "1999"]
[PlyCount "69"]
[EventDate "2008.??.??"]

1. Nf3 Nf6 2. c4 e6 3. g3 b6 4. Bg2 Bb7 5. O-O Be7 6. b3 O-O 7. Bb2 d6 8. Nc3
Nbd7 9. Qc2 c5 10. e4 e5 11. Ne1 Nb8 12. Nd5 Nc6 13. f4 Nxd5 14. exd5 Nd4 15.
Bxd4 exd4 16. Be4 h6 17. Nf3 Bc8 18. f5 Bf6 19. Rab1 a5 20. h4 Re8 21. d3 Bd7
22. Qh2 b5 23. g4 Be7 24. Rb2 bxc4 25. bxc4 Rb8 26. Rg2 Rb6 27. g5 h5 28. f6
Bf8 29. g6 Rxe4 30. gxf7+ Kh8 31. fxg7+ Bxg7 32. dxe4 Bg4 33. Ng5 Bf8 34. Qf4
Qe7 35. Rxg4 1-0

[Event "Druzynowe Mistrzostwa Polski - II Liga S"]
[Site "Ustron/Slaski Zwiazek Szachowy"]
[Date "2008.09.08"]
[Round "3.81"]
[White "Pietal, Leszek"]
[Black "Sobczak, Miroslaw"]
[Result "1/2-1/2"]
[WhiteElo "1961"]
[BlackElo "2043"]
[PlyCount "20"]
[EventDate "2008.??.??"]

1. d4 Nf6 2. c4 c5 3. Nf3 cxd4 4. Nxd4 e5 5. Nc2 d5 6. cxd5 Qxd5 7. Qxd5 Nxd5
8. e4 Nb4 9. Nxb4 Bxb4+ 10. Bd2 Bc5 1/2-1/2

[Event "Druzynowe Mistrzostwa Polski - II Liga S"]
[Site "Ustron/Slaski Zwiazek Szachowy"]
[Date "2008.09.08"]
[Round "3.82"]
[White "Nowak, Rafal"]
[Black "Lusio, Marek"]
[Result "0-1"]
[WhiteElo "2008"]
[BlackElo "1824"]
[PlyCount "78"]
[EventDate "2008.??.??"]

1. d4 d5 2. Bg5 Nf6 3. Nd2 e6 4. e4 Be7 5. Bxf6 Bxf6 6. e5 Be7 7. Qg4 O-O 8.
Bd3 c5 9. c3 cxd4 10. cxd4 Nc6 11. Ngf3 f5 12. exf6 Bxf6 13. Qh5 g6 14. Bxg6
hxg6 15. Qxg6+ Kh8 16. Qh6+ Kg8 17. Qg6+ Bg7 18. Ng5 Rf6 19. Qh7+ Kf8 20. Qh4
Rh6 21. Qf4+ Qf6 22. Qd6+ Kg8 23. Ndf3 Nxd4 24. O-O Nxf3+ 25. Nxf3 Bf8 26. Qc7
Rh7 27. Qc2 Bd6 28. Rad1 Bd7 29. Rfe1 Rf8 30. h3 Qg7 31. Nd4 e5 32. Qb3 Qf7 33.
Nf3 Bc6 34. Nxe5 Bxe5 35. Rxe5 Qxf2+ 36. Kh1 Rg7 37. Rg1 Rff7 38. Qd3 d4 39.
Re2 Qg3 0-1

[Event "Druzynowe Mistrzostwa Polski - II Liga S"]
[Site "Ustron/Slaski Zwiazek Szachowy"]
[Date "2008.09.08"]
[Round "3.85"]
[White "Gralka, Julian"]
[Black "Rys, Marek"]
[Result "1-0"]
[WhiteElo "2268"]
[BlackElo "1828"]
[PlyCount "87"]
[EventDate "2008.??.??"]

1. d4 d5 2. c4 e6 3. Nc3 Nf6 4. Bg5 Be7 5. e3 b6 6. Nf3 O-O 7. Rc1 Nbd7 8. Bd3
Bb7 9. O-O dxc4 10. Bxc4 Ne4 11. Bf4 Nxc3 12. Rxc3 c5 13. Qe2 Nf6 14. dxc5 Bxc5
15. Bg5 Be7 16. Rd1 Nd5 17. Bxd5 Bxd5 18. e4 Bxg5 19. exd5 exd5 20. Rcd3 Qe7
21. Qxe7 Bxe7 22. Rxd5 Rfd8 23. Kf1 Rxd5 24. Rxd5 Rd8 25. Rxd8+ Bxd8 26. Ke2
Bf6 27. b3 Kf8 28. Kd3 Ke7 29. Kc4 a6 30. Kd5 Kd7 31. Nd2 Kc7 32. Nc4 Bc3 33.
Nd6 Kd7 34. Nxf7 Ke7 35. Ng5 h6 36. Ne6 Kd7 37. f4 Bb2 38. g4 Bc3 39. h4 Bb2
40. g5 hxg5 41. hxg5 Bc3 42. f5 Bb2 43. a4 Bc3 44. Nxg7 1-0

[Event "Druzynowe Mistrzostwa Polski - II Liga S"]
[Site "Ustron/Slaski Zwiazek Szachowy"]
[Date "2008.09.08"]
[Round "3.86"]
[White "Mackowiak, Marek"]
[Black "Mazalon, Mariusz"]
[Result "1/2-1/2"]
[WhiteElo "2197"]
[BlackElo "2148"]
[PlyCount "40"]
[EventDate "2008.??.??"]

1. c4 c5 2. Nc3 Nc6 3. g3 g6 4. Bg2 Bg7 5. e3 e5 6. Nge2 Nge7 7. O-O d6 8. d3
O-O 9. b3 Rb8 10. Bb2 a6 11. a4 Be6 12. Rc1 b6 13. Nd5 b5 14. axb5 axb5 15.
Nxe7+ Nxe7 16. Ba1 Qa5 17. Bc3 Qb6 18. Ra1 b4 19. Bb2 d5 20. Ra2 Ra8 1/2-1/2

[Event "Druzynowe Mistrzostwa Polski - II Liga S"]
[Site "Ustron/Slaski Zwiazek Szachowy"]
[Date "2008.09.08"]
[Round "3.87"]
[White "Olszewski, Marek"]
[Black "Rys, Sebastian"]
[Result "1/2-1/2"]
[WhiteElo "2151"]
[BlackElo "1973"]
[PlyCount "72"]
[EventDate "2008.??.??"]

1. e4 e5 2. Nc3 Nc6 3. f4 d6 4. Nf3 Nf6 5. Bc4 Be7 6. O-O O-O 7. a3 Be6 8. Bxe6
fxe6 9. d3 exf4 10. Ng5 Qd7 11. Bxf4 e5 12. Bd2 Nd4 13. Nf3 Nxf3+ 14. Rxf3 Rf7
15. Qe2 Raf8 16. Raf1 c6 17. Bg5 Ne8 18. Rxf7 Rxf7 19. Rxf7 Kxf7 20. Qf2+ Kg8
21. Bxe7 Qxe7 22. Qxa7 Qg5 23. Qxb7 Qc1+ 24. Kf2 Qxc2+ 25. Ke1 Qxd3 26. Qxc6
Kf8 27. Qd5 Qe3+ 28. Ne2 Ke7 29. Qb7+ Kf8 30. Kd1 Qd3+ 31. Ke1 Qe3 32. Qd5 Ke7
33. Qb7+ Kf8 34. Kf1 Nf6 35. Ng3 Qc1+ 36. Ke2 Qc2+ 1/2-1/2